[Event "SRI-ch (Women)"]
[Site "Colombo"]
[Date "2014.03.15"]
[Round "2"]
[White "Koswatta, KWDMHU"]
[Black "Ranasinghe, Thinithi Sahanika"]
[Result "0-1"]
[WhiteElo "1493"]
[BlackElo "1567"]
[PlyCount "52"]
[EventDate "2014.03.15"]
[EventType "tourn"]
[EventRounds "13"]
[EventCountry "SRI"]
[SourceTitle "CBM 159 Extra"]
[Source "ChessBase"]
[SourceDate "2014.04.24"]
[SourceVersion "1"]
[SourceVersionDate "2014.04.24"]
[SourceQuality "1"]

1. d4 d5 2. c4 c6 3. Nc3 Nf6 4. Nf3 dxc4 5. e4 b5 6. a4 b4 7. Na2 Nxe4 8. Bxc4 e6 9. Qc2 Nf6 10. Bd2 a5 11. Be3 Bd6 12. Ne5 Bb7 13. Rd1 Nd5 14. Qe2 Nd7 15. Bxd5 cxd5 16. Qb5 Ba6 17. Qc6 Bxe5 18. dxe5 0-0 19. Qc2 Nxe5 20. Bf4 Rc8 21. Qb1 Qf6 22. Bg3 Nf3+ 23. gxf3 Qxf3 24. Rd3 Qxh1+ 25. Kd2 Qxb1 26. Re3 Rc2# 0-1